Loading...
Dinantham /
| Main Author: | |
|---|---|
| Format: | Printed Book |
| Language: | Malayalam |
| Published: |
Kottayam :
D C Books ,
2010.
|
| Subjects: |
| LEADER | 00545nam a22001697a 4500 | ||
|---|---|---|---|
| 008 | 210115b ||||| |||| 00| 0 mal d | ||
| 020 | |a 9788126427109 | ||
| 082 | |a 851.562 | ||
| 100 | |a O. N. V. Kuruppu | ||
| 245 | |c O. N. V. Kuruppu |a Dinantham / | ||
| 260 | |a Kottayam : |b D C Books , |c 2010. | ||
| 300 | |a 68p. ; |c 21 cm. | ||
| 546 | |a In Malayalam. | ||
| 650 | |v Malayalam poetry | ||
| 942 | |c BK | ||
| 999 | |c 354544 |d 354544 | ||
| 952 | |0 0 |1 0 |2 ddc |4 0 |6 851_562000000000000_DIN_M |7 0 |9 411129 |a UL |b UL |c PROC |d 2021-01-15 |g 60.00 |l 0 |o 851.562 DIN M |p G11916 |r 2021-01-15 |y BK | ||